01012 am a22002653u 450000100100000000500170001000800410002701000130006802000150008104000110009604300130010708200230012010000320014324500890017526001280026430000400039250000240043250400300045665000460048665300250053265500240055794200230058199900170060495201250062100904006220140302113855.0720319s1972 xxkad grb f001 0 eng d a72160099 a0521082587 aUkcUk a e-uk---04a339.20942222bSTA1 a Stark, T.935080q(Thomas)14aThe distribution of personal income in the United Kingdom 1949-1963 /cThomas Stark. aCambridge, United Kingdom :bCambridge University Press,c1972e(Bristol, United Kingdom :fWestern Printing Services Ltd.) ax,192 p. :bchart, tables ;c24 cm. aIndex : p. 189-192. aBibliography : p.185-188. 0aIncome distributionzGreat Britain935081 bBUSECOcFebruary2014 vreading book934232 2ddck339.20942 STA c18033d18005 00102ddc40708Donation-GaMAINbMAINc1STd2014-02-05eDonationl0o339.20942 STAp000035586r2025-07-15 00:00:00yBB